000
00252nam a2200097Ia 4500
001
1196546
005
20250827021808.0
008
250824s9999 xx 000 0 und d
245
0
_a
ALLAH DE ÖTESİNİ BIRAK 2
_c
UĞUR KOŞAR
260
_b
DESTEK YAYINLARI
999
_c
1196546
_d
1196546